Library Banner

The 7 habits of highly effective teenagers (Record no. 54838)

MARC details
000 -LEADER
fixed length control field 00460nam a2200169Ia 4500
001 - CONTROL NUMBER
control field 57553
008 - FIXED-LENGTH DATA ELEMENTS--GENERAL INFORMATION
fixed length control field 140507s9999 xx 000 0 und d
020 ## - INTERNATIONAL STANDARD BOOK NUMBER
International Standard Book Number 9780743252522
040 ## - CATALOGING SOURCE
Transcribing agency PK-LaUMT
082 ## - DEWEY DECIMAL CLASSIFICATION NUMBER
Classification number 158.1
Item number COV-S
100 ## - MAIN ENTRY--PERSONAL NAME
Personal name Covey, Sean
245 #4 - TITLE STATEMENT
Title The 7 habits of highly effective teenagers
Remainder of title the ultimate teenage success guide
Statement of responsibility, etc Covey, Sean
260 ## - PUBLICATION, DISTRIBUTION, ETC. (IMPRINT)
Place of publication, distribution, etc London,UK:
Name of publisher, distributor, etc Simon & Schuster,
Date of publication, distribution, etc 1998
300 ## - PHYSICAL DESCRIPTION
Extent 272 p.
546 ## - LANGUAGE NOTE
Language note EN
942 ## - ADDED ENTRY ELEMENTS (KOHA)
Koha item type Books
Holdings
Withdrawn status Lost status Damaged status Not for loan Home library Current library Date acquired Total Checkouts Total Renewals Full call number Barcode Date last seen Date checked out Price effective from Koha item type
        UMT Main Campus UMT Main Campus 2014-05-07 38 1 158.1 COV-S 76282 2026-04-21 2026-04-06 2014-05-08 Books